000 00469nam a22001697a 4500
003 BD-ChCU
005 20260503110412.0
008 260503b bg ||||| |||| 00| 0 ben d
040 _cBD-ChCU
082 _a360 TIP
100 _aTimms, Noel.
_922225
245 _aPsychiatric social work in Great Britain (1939-1962).//
_cTimms, Noel.
260 _aLondon.
_bRoutledge a & K. Paul.
_c1961
300 _aix, 270p
650 0 _aSociology.
_922227
942 _2ddc
_cBK
_n0
999 _c112592
_d112592